Statistics for First 39 Countries to Recognize the USA

Click here to take the quiz!

General Stats

  • This quiz has been taken 487 times
    (416 since last reset)
  • The average score is 16 of 40

Answer Stats

RankDateCountry% Correct
2February 6, 1778France
96%
6September 3, 1783UK
96%
4February 20, 1783Spain
93%
21October 28, 1803Russia
91%
30June 16, 1844China
86%
10May 13, 1791Portugal
83%
35March 31, 1854Japan
82%
5April 3, 1783Sweden
74%
3April 19, 1782Netherlands
72%
27February 11, 1830The Ottoman Empire
69%
19January 1, 1797Austria
68%
12June 9, 1792Denmark
67%
33June 28, 1850Persia
46%
8*September 18, 1785Prussia
39%
1December 20, 1777Morocco
35%
20*January 1, 1802Kingdom of Piedmont-Sardinia
34%
28*July 13, 1832Baden
30%
24*May 14, 1829Grand Duchy of Hesse
30%
9*June 17, 1790Free City of Hamburg
29%
22*January 22, 1816Grand Duchy of Mecklenburg-Schwerin
28%
34*December 2, 1853Grand Duchy of Mecklenburg-Strelitz
28%
26*January 8, 1830Kingdom of Hanover
28%
23*November 21, 1825Kingdom of Wurttemberg
28%
32*April 5, 1848Duchy of Brunswick-Luneberg
27%
34*June 16, 1852Schaumburg-Lippe
27%
39*June 185*0Duchy of Parna
25%
29*July 4, 1833Bavaria
24%
16September 5, 1795Algeria
22%
7*December 15, 1784Papal States
18%
25*December 2, 1829Oldenburg
16%
13*May 28, 1794Bremen
15%
17*May 20, 1796Kingdom of Naples
15%
15March 28, 1795Tunisia
15%
38July 28, 1922Albania
12%
11*October 25, 1791Republic of Genoa
10%
14*May 29, 1794Grand Duchy of Tuscany
8%
37*December 22, 1871Orange Free State
2%
18*November 4, 1796Tripoli
2%
31*May 27, 1846Nassau
1%
36*July 11, 1854Ryukyu Kingdom
1%

Score Distribution

Percentile by Number Answered

Percent of People with Each Score

Your Score History

You have not taken this quiz since the last reset